00339nam a2200121Ia 4500008004100000041000800041082001200049100002400061245003800085260003100123300001900154520004400173240719s9999 xx 000 0 und d aeng a823 COL aCollectable Edition a100 Worlds Greatest Short Stories aNew DehlibClass cs,c2023 a568.; P. 22 cm aFaculty Purchase By Dr. Jitendra Sharma